| 000 | 00678nam a22002297a 4500 | ||
|---|---|---|---|
| 999 |
_c9205 _d9205 |
||
| 003 | GBCCL | ||
| 005 | 20241126110707.0 | ||
| 008 | 220531b ||||| |||| 00| 0 eng d | ||
| 020 | _a8172143826 | ||
| 020 | _a9788172143824 | ||
| 040 | _cGBC | ||
| 082 |
_a261.8 _bBAB |
||
| 100 |
_aBabu, Jeevan _916008 |
||
| 245 | _aThe sign post | ||
| 260 |
_aDelhi, India : _bNavdin Prakashan Kendra of the ISPCK, _c1997 |
||
| 300 |
_a47 pages : _billustrations ; _c22 cm |
||
| 440 |
_aDevelopment education series, 69. _916009 |
||
| 650 |
_aChurch and social problems _zIndia. _91133 |
||
| 651 |
_aChurch and social problems. _916010 |
||
| 651 |
_zIndia. _913064 |
||
| 942 |
_2ddc _cBK |
||